000 00734nam a2200181Ia 4500
008 090124s9999 xx 000 0 und d
082 _b11274
_a2760
100 _aबोरकर बा.भ.(बाळकृष्ण भगवंत(बांकी बोरकर)
245 _a प्रियदर्शिनी
250 _a1
260 _c1960
300 _a195
600 _aबोरकर बा.भ.(बाळकृष्ण भगवंत(बांकी बोरकर)
630 _a प्रियदर्शिनी
700 _aबोरकर बा.भ.(बाळकृष्ण भगवंत(बांकी बोरकर)
730 _a प्रियदर्शिनी
942 _cBOOK
999 _c122583
_d122583